Estadísticas para Ciudades por Silueta - Mapa

Haz click aquí para intentar la prueba.

Estadísticas generales

  • Esta prueba ha sido intentada 3.175 veces
  • La puntuación promedio es 6 de 10

Respuestas en el mapa

Las respuestas están codificadas por una escala verde-roja en el mapa de la prueba según el % correcto abajo.
 

Estadísticas de respuestas

Respuesta% Correcto
París
98%
Nueva York
82%
Dubái
76%
Barcelona
72%
Sídney
61%
Kuala Lumpur
54%
Seattle
51%
Toronto
48%
Shanghái
44%
Johannesburgo
25%

Distribución de puntuación

Porcentaje por número respondido

Porcentaje de gente con cada puntuación

Historial de tus puntuaciones

No has intentado esta prueba.